| 000 | 00658nam a2200217Ia 4500 | ||
|---|---|---|---|
| 003 | OSt | ||
| 005 | 20250828162631.0 | ||
| 008 | 220917b |||||||| |||| 00| 0 eng d | ||
| 037 | _cTB | ||
| 040 |
_aARTS _cARTS _beng |
||
| 041 |
_2eng _aeng |
||
| 084 |
_aT.6 M4 _qAL |
||
| 100 |
_aWolff Laurence _9139874 |
||
| 245 | 0 |
_aControlling the costs of education in eastern Africa _b a review of data, issues and policies |
|
| 260 |
_aWashington _bWorld Bank _c1984 |
||
| 300 |
_axv,82p. _ccm. |
||
| 490 | _aWorld bank staff working papers; 702 | ||
| 650 | _aEDUCATION | ||
| 942 |
_hT.6 M4 _cTB _2CC _n0 |
||
| 999 |
_c271800 _d271800 |
||